| 000 -LEADER |
| fixed length control field |
00772cam a2200241 a 4500 |
| 005 - DATE AND TIME OF LATEST TRANSACTION |
| control field |
20131029062712.0 |
| 008 - FIXED-LENGTH DATA ELEMENTS--GENERAL INFORMATION |
| fixed length control field |
090417s2008 rb a b 000 0 alb |
| 020 ## - INTERNATIONAL STANDARD BOOK NUMBER |
| International Standard Book Number |
9789951527002 |
| 041 ## - LANGUAGE CODE |
| Language code of text/sound track or separate title |
alb |
| 080 ## - UNIVERSAL DECIMAL CLASSIFICATION NUMBER |
| Universal Decimal Classification number |
327.5 |
| Common auxiliary subdivision |
(075.9) |
| 100 1# - Rafti |
| Rafti |
Gashi, Bejtush. |
| 245 10 - TITLE STATEMENT |
| Title |
Konfliktet ndërkombëtare dhe ndëretnike / |
| Statement of responsibility, etc |
Bejtush Gashi, Pjetër Hidri. |
| 260 ## - |
| -- |
Prishtinë : |
| -- |
Instituti për Studime të Sigurisë dhe Integrimeve (ISSI) "Katana", |
| -- |
2008. |
| 300 ## - |
| -- |
267 p. : |
| -- |
ill. ; |
| -- |
24 cm. |
| 500 ## - |
| -- |
Parathënie : f. 11-12 |
| 504 ## - BIBLIOGRAPHY, ETC. NOTE |
| Bibliography, etc |
Bibliografia (f. 263-267). |
| 650 #0 - |
| -- |
Lufta |
| 650 #0 - |
| -- |
Menaxhimi i konflikteve |
| 650 #0 - |
| -- |
Marrëdhënie ndërkombëtare |
| 650 #0 - |
| -- |
Konflikte etnike |
| 700 1# - |
| -- |
Hidri, Pjetër, |
| -- |
1956- |
| 942 ## - ADDED ENTRY ELEMENTS (KOHA) |
| Source of classification or shelving scheme |
|
| Item type |
Books |